| 000 | 00728nam a22001935i 4500 | ||
|---|---|---|---|
| 001 | 161164 | ||
| 003 | ES-MaACL | ||
| 005 | 20250801151642.0 | ||
| 008 | 041020s1871 gw |||| | fre d | ||
| 040 |
_aCAM _bspa _cCAM |
||
| 100 | 1 |
_aOtto, Emil. _987950 |
|
| 245 | 1 | 0 |
_aLectures allemandes _b: choix de morceaux de littérature allemande, accompagnés de notes explicatives et d'un vocabulaire / _cpar Emile Otto. |
| 260 |
_aHeidelberg [etc.] : _bJules Groos éditeur [etc.], _c1871. |
||
| 300 |
_a3 v. ; _c20 cm. |
||
| 650 | 4 |
_aLengua alemana. _914080 |
|
| 650 | 7 |
_aLiteratura alemana _2embne _9136419 |
|
| 852 |
_aES-MaACL _jB-3044 _z-- Enc. cartón _q-- Sólo 3e partie (VI, 228 p.) |
||
| 999 |
_c161164 _d161164 |
||